000 01038nam a2200301 i 4500
001 bg
100 1 _aNiemczyk, Roman
_c(ekonomista).
245 1 0 _aGospodarka i obrót nieruchomościami /
_cRoman Niemczyk.
260 _aWarszawa :
_bDifin,
_c2009.
300 _a207, [1] s. :
_bil. ;
_c23 cm.
504 _aBibliogr. s. [208].
650 9 _aKataster nieruchomości
650 9 _aNieruchomości
_xgospodarka
_zPolska
_yod 2001 r.
650 9 _aNieruchomości
_xwycena
_xmetody
650 9 _aNieruchomości
_xzarządzanie
650 9 _aPodatek od nieruchomości
_xprawo
_zPolska
_ystan na 2009 r.
650 9 _aPodatek od nieruchomości
_xprawo wspólnotowe europejskie
_ystan na 2009 r.
015 _aPB 11918/2009
020 _a9788376410494
040 _cBPK
041 _apol
044 _aPOL
080 _a332.6/.8:336.226.2](438:4-67)
920 _a978-83-7641-049-4
942 _cKS
008 090721s2009 pl a |000 0 pol
999 _c56542
_d56542
856 _uhttp://koha.tu.koszalin.pl/cgi-bin/koha/opac-detail.pl?biblionumber=56542
_yKatalog online BPK